Normale Ansicht MARC-Ansicht ISBD

Palomniki (Titelsatznr. 73800)

[ MARC ]
MARC-Details
000 -Satzkennung
Kontrollfeld mit fester Länge 00872nam a22002773u 4500
001 - Kontrollnummer
Kontrollfeld DHIM2026022411180044
003 - Kontrollnummer Identifier
Kontrollfeld RU-10907106
005 - Datum und Zeit der letzten Transaktion
Kontrollfeld 20260225081945.0
007 - Feld mit fester Länge zur physischen Beschreibung - Allgemeine Information
Kontrollfeld mit fester Länge tu
008 - Feld mit fester Länge zur physischen Beschreibung - Allgemeine Angaben
Kontrollfeld mit fester Länge 260224s2019 ru ||| ||| 000 0 rus d
020 ## - Internationale Standardbuchnummer
Verknüpfung 978-5-7598-1939-4
Internationale Standardbuchnummer 9785759819394
040 ## - Katalogisierungsquelle
Original-Katalogisierungsstelle RU-10907106
Katalogisierungssprache ger
Übertragungsstelle RU-10907106
041 ## - Sprachcode
Sprachcode des Textes/der Tonspur oder des separaten Titels rus
100 1# - Haupteintragung - Personenname
Funktionsbezeichnungscode aut
Personenname Kormina, Ž. V.
Vollständige Form eines Namens Kormina, Žanna Vladimirovna
Koha-Normdatenidentnummer 68600
245 #0 - Titel
Titel Palomniki
Zusatz zum Titel Ėtnografičeskie očerki pravoslavnogo nomadizma
264 #1 - Produktion, Veröffentlichung, Distribution, Herstellung und Urheberrechtsvermerk
Herstellungs-, Veröffentlichungs- Vertriebs-, Erzeugungsort Moskva
Produzent, Herausgeber, Distributor, Hersteller Izdatel'skij dom vysšej školy ėkonomiki
Datum der Herstellung, der Veröffentlichung, des Vertriebs oder des Urheberschutzvermerks 2019
300 ## - Physische Beschreibung
Umfang 349 Seiten
336 ## - Inhaltstyp
Quelle rdacontent
Inhaltstypterm Text
Inhaltstypcode txt
337 ## - Medientyp
Quelle rdamedia
Bezeichnung des Medientyps Ohne Hilfsmittel zu benutzen
Medientypcode n
338 ## - Datenträgertyp
Quelle rdacarrier
Datenträgertypbezeichnung Band
Datenträgertypcode nc
650 ## - Nebeneintragung unter einem Schlagwort - Sachschlagwort
Sachschlagwort oder geografischer Name als Eintragungselement Russisch-Orthodoxe Kirche
Koha-Normdatenidentnummer 6601
650 ## - Nebeneintragung unter einem Schlagwort - Sachschlagwort
Sachschlagwort oder geografischer Name als Eintragungselement Nomadismus
Koha-Normdatenidentnummer 68601
650 ## - Nebeneintragung unter einem Schlagwort - Sachschlagwort
Sachschlagwort oder geografischer Name als Eintragungselement Pilger
Koha-Normdatenidentnummer 9951
651 ## - Nebeneintragung unter einem Schlagwort - Geografischer Name
Geografischer Name Russland
942 ## - Zusätzliche Felder (Koha)
Klassifikation oder Aufstellungssystematik Andere/Generische Klassifikation
Koha-Medientyp Monographien
Exemplare
Ausgeschieden Verloren Klassifikation oder Aufstellungssystematik Beschädigt Nicht entleihbar Heimatbibliothek Aufenthaltsbibliothek Erwerbungsdatum Inventarnummer Signatur Barcode Letzte Aktivität Preis gültig von Koha-Medientyp
    Andere/Generische Klassifikation     MWN Osteuropa MWS-Büro Georgien 13/11/2025 26-00063 R 70 l Kor 2 76741 24/02/2026 24/02/2026 Monographien